| 000 | 01026cam a2200265 a 4500 | ||
|---|---|---|---|
| 999 |
_c29470 _d29470 |
||
| 001 | 17165196 | ||
| 005 | 20180103123454.0 | ||
| 008 | 120215s2011 ke a b 001 0 eng | ||
| 010 | _a 2012311103 | ||
| 020 | _a9789966210197 | ||
| 040 |
_aDLC _cDLC _dDLC |
||
| 042 |
_alcode _apcc |
||
| 043 | _af-ke--- | ||
| 050 | 0 | 0 |
_aHD3560.5.A4 _bK63 2011 |
| 100 | 1 | _aKobia, Silas K. | |
| 245 | 1 | 4 |
_aThe co-operative movement in Kenya : _bchallenges and opportunities / _cSilas K. Kobia. |
| 260 |
_aNairobi : _bLukiko Consulting Trust, _c2011. |
||
| 300 |
_axiii, 195 p. : _bcol. ill. ; _c25 cm. |
||
| 504 | _aIncludes bibliographical references (p. 179-184) and index. | ||
| 650 | 0 |
_aCooperative societies _zKenya. |
|
| 650 | 0 | _aDevelopment Studies | |
| 856 | 4 | 1 |
_3Table of contents only _uhttp://www.loc.gov/catdir/toc/fy13pdf02/2012311103.html |
| 906 |
_a7 _bcbc _corigode _d3 _encip _f20 _gy-gencatlg |
||
| 942 |
_2lcc _cBOOKS _hHD3560.5.A4K63 2011 |
||